| 000 | 01504nam a22005057a 4500 | ||
|---|---|---|---|
| 005 | 20250902111847.0 | ||
| 008 | 161117b1993 xxu||||| |||| 00| 0 spa d | ||
| 020 | _a9505822406 | ||
| 041 | _aESP | ||
| 082 | _a808.51 AN543c2 | ||
| 100 | _aAnder-Egg, Ezequiel | ||
| 245 | _aComo aprender a hablar en público | ||
| 250 | _a2 edición | ||
| 260 | _aCosta Rica | ||
| 260 | _bEUNED | ||
| 260 | _c1993 | ||
| 300 | _a159 páginas | ||
| 490 | _aDirección y Administración de Empresas | ||
| 505 | _aParte I. El conferenciante u orador; Parte II. La elaboración del discurso, conferencia o preparación de la intervención pública; Parte III. La presentación. | ||
| 650 | _aHABLAR EN PÚBLICO | ||
| 650 | _aCOMUNICACIÓN ORAL | ||
| 650 | _aAPRENDER A HABLAR EN PÚBLICO | ||
| 650 | _aFORMAS PARA APRENDER A HABLAR EN PÚBLICO | ||
| 650 | _aCAPACIDAD DE HABLAR EN PÚBLICO | ||
| 650 | _aORATORIA | ||
| 650 | _aCOMUNICACIÓN | ||
| 650 | _aEXPRESIÓN | ||
| 650 | _aPROCESO DE COMUNICACIÓN | ||
| 650 | _aPREPARACIÓN DEL ORADOR | ||
| 650 | _aCUALIDADES DEL ORADOR | ||
| 650 | _aSUPERAR EL MIEDO FRENTE A UN AUDITORIO | ||
| 650 | _aLENGUAJE | ||
| 650 | _aELABORACIÓN DEL DISCURSO | ||
| 650 | _aESTILOS DE DISCURSO | ||
| 650 | _aDISCURSO | ||
| 650 | _aTONO | ||
| 650 | _aINTENSIDAD | ||
| 650 | _aTIMBRE | ||
| 650 | _aAUDIOVISUALES | ||
| 650 | _aCONFERENCIA | ||
| 650 | _aPRESENTACIÓN | ||
| 650 | _aAUDITORIO | ||
| 650 | _aMENSAJE | ||
| 942 |
_cBK _2ddc |
||
| 999 |
_c8629 _d8629 |
||